| 000 | 00431nam a2200133Ia 4500 | ||
|---|---|---|---|
| 008 | 170419s9999 xx 000 0 und d | ||
| 100 | _aEaton, Jacqueline. | ||
| 245 | _aAltering nursing student and older adult attitudes through a possible selves ethnodrama | ||
| 245 | _cJacqueline Eaton & Gary Donaldson | ||
| 260 | _bElsevier | ||
| 260 | _c2016 | ||
| 300 | _aMarch/April 2016 | ||
| 440 |
_aJournal of Profesional Nursing _v32:2 |
||
| 999 |
_c329514 _d329514 |
||